000 00629nam a2200229 i 4500
001 C2-0264411
003 PPAK
005 20180727232819.0
008 050420s1972 my a|||| ||||| | may d
040 _aPPAK
_beng
_cPPAK
_erda
082 0 4 _a070.43
_223
090 0 0 _a070.43
_bMAS
_dKAR
245 0 0 _aMastika :
_bbulanan pendidikan dan pengetahuan
264 1 _aKuala Lumpur :
_bUtusan ,
_c1972
300 _avarious pages pages :
_billustrations ;
_c19 cm
336 _2rdacontent
_atext
337 _2rdamedia
_aunmediated
338 _2rdacarrier
_avolume
500 _aBainding
650 1 0 _aPeriodical
942 _ddc
_cB
999 _c74312
_d74312